| 000 | 00780nam a2200241Ia 4500 | ||
|---|---|---|---|
| 003 | OSt | ||
| 005 | 20260117102948.0 | ||
| 008 | 210716s2011 xx 000 0 und d | ||
| 020 | _a9781906124700 | ||
| 040 | _cAIMIT LIBRARY | ||
| 041 | _aeng | ||
| 082 |
_a651.7 _21 _bHOLJ |
||
| 100 |
_aHolt, Jon. _9251579 |
||
| 245 |
_aPragmatic guide to competency: _btools frameworks and assessment / _cBy Jon Holt and Simon A. Perry. |
||
| 250 | _a1st ed. | ||
| 260 |
_aNew Delhi : _bViva Books , _c2011. |
||
| 300 |
_axvii,173 p.; _bPB _c25 cm. |
||
| 650 |
_aCompetency frameworks _9251584 |
||
| 650 |
_aRequirements for competency assessment _9251585 |
||
| 650 |
_aUniversal competency assessment model _9251586 |
||
| 700 |
_aPerry, Simon A. _9251580 |
||
| 942 |
_2ddc _cBK _k651.7 HOLJ |
||
| 999 |
_c194333 _d194333 |
||